Public sector services and their management (Record no. 16966)

000 -LEADER
fixed length control field 00428pab a2200169 454500
008 - FIXED-LENGTH DATA ELEMENTS--GENERAL INFORMATION
fixed length control field 180718b1989 xxu||||| |||| 00| 0 eng d
100 ## - MAIN ENTRY--PERSONAL NAME
Personal name Ackroyd, Stephen
245 ## - TITLE STATEMENT
Title Public sector services and their management
260 ## - PUBLICATION, DISTRIBUTION, ETC.
Date of publication, distribution, etc. 1989
300 ## - PHYSICAL DESCRIPTION
Extent 603-19
362 ## - DATES OF PUBLICATION AND/OR SEQUENTIAL DESIGNATION
Dates of publication and/or sequential designation Nov.
650 ## - SUBJECT ADDED ENTRY--TOPICAL TERM
Topical term or geographic name entry element Public Utilities
700 ## - ADDED ENTRY--PERSONAL NAME
Personal name Keith Soothill
700 ## - ADDED ENTRY--PERSONAL NAME
Personal name John A. Hughes
773 ## - HOST ITEM ENTRY
Main entry heading Journal of Management Studies
909 ## -
-- 16966
Holdings
Withdrawn status Lost status Damaged status Not for loan Permanent Location Current Location Date acquired Serial Enumeration / chronology Barcode Date last seen Price effective from Koha item type
        Indian Institute of Public Administration Indian Institute of Public Administration 2018-07-19 Volume no: 26, Issue no: 6 AR17026 2018-07-19 2018-07-19 Articles

Powered by Koha